| 000 | 00507 a2200169 4500 | ||
|---|---|---|---|
| 999 |
_c10168 _d10168 |
||
| 020 | _a9780748785858 | ||
| 050 | _aH61 MYE 2004 | ||
| 100 |
_aMyers, Bill _eauthor |
||
| 245 |
_aThe social sciences / _cBill Myers; Lin Shaw |
||
| 264 |
_aCheltenham : _bNelson Thornes, _c2004. |
||
| 300 |
_av, 311 pages : _billustrations |
||
| 440 | _aAccess to HE. | ||
| 500 | _aIncludes bibliographical references and index | ||
| 650 | _aSocial sciences | ||
| 700 |
_aShaw, Lin _eauthor |
||
| 942 |
_2lcc _cBK _h61 _iMYE _kH |
||